Responses for Show #6690 - Friday, October 18, 2013

Contestants

[<< previous game]

Samantha Nataro, a student and writer from Laurel, Maryland

Nolan Martch, a construction foreman from Homewood, Illinois

Stuart Anderson, a JAG originally from New Orleans, Louisiana (whose 3-day cash winnings total $51,601)

[next game >>]

Jeopardy! Round responses

(Alex: In honor of our 30th year on the air...)
HERE COMES 30!
A NOVEL HAIKU
FASHIONABLE COMMON BONDS
M IN THE MIDDLE
(Alex: You'll find [*] in the exact middle of each correct response.)
AMERICAN IDOL ALUMNI
AROUND THE WORLD WITH MAGELLAN'S CREW
    $200 1
April, June, November & September

Nolan
    $200 6
Invisible Man

Stuart
    $200 11
robe

Nolan
    $200 12
to promote

Stuart
    $200 20
the Canary Islands

Samantha
    $400 2
tennis

Stuart
    $400 7
(Nolan: What is To Kill a Knockingbird?)
[Initially accepted as correct; reversed during the first break]

To Kill A Mockingbird

Nolan
Triple Stumper
    $400 15
jeans

Stuart
    $400 13
a perimeter

Samantha
    $400 21
(Stuart: What is Argentina?)
(Nolan: What is Tierra del Fuego?)

Patagonia

StuartNolan
Triple Stumper
    $600 3
(Samantha: What is the House of Representatives?)

the Senate

NolanSamantha
    $600 8
The Red Badge of Courage

Samantha
    $600 17
(Stuart: ...What is cake?)
...
(Alex: Yes, we're talking about fashion, here.)

collars

StuartSamantha
    $600 14
to tempt

Samantha
    $600 27
[The end-of-round signal sounds.]

Rock of Ages

Triple Stumper
    $600 23
(Alex: ...with less than a minute to go.)

the Strait of All Saints

Stuart
    $800 4
30 pieces of silver

Stuart
    $1,000 9
Jane Eyre

Samantha
    $800 18
skirts (or dresses)

Samantha
    $800 16
(Alex: You beat him to it!)

gumbo

Samantha
    $800 26
Adam Lambert

Samantha
    $800 24
(Samantha: What is Micronesia?)

the Philippines

StuartSamantha
    $1000 5
the 17th century

Stuart
    $1000 10
Brideshead Revisited

Samantha
    $1000 19
sweaters

Samantha
    $1000 22
testimonial

Triple Stumper
    $1000 25
Andalusia

Stuart

Scores at the first commercial break (after clue 15):

Stuart Nolan Samantha
$3,000 $600 $3,000

Scores at the end of the Jeopardy! Round:

Stuart Nolan Samantha
$4,400 $200 $6,400

Double Jeopardy! Round responses

CIVIL WAR PEOPLE
GEMS
BEST ACTOR OSCAR WINNERS
U.S. LAKES & RIVERS
KEEP YOUR FRIENDS CLOSE
ANEMONES CLOSER
    $400 20
(George) Pickett

Samantha
    $400 6
(Stuart: What is mother of pearl?)
...
(Alex: [*], only. Yeah.)

a pearl

StuartNolan
    $400 1
Lake Huron

Nolan
    $400 11
a comrade

Nolan
    $400 14
a perennial

Stuart
    $800 21
(Robert E.) Lee

Nolan
    $1,000 7
Jade

Nolan
    $800 2
Lake Tahoe

Nolan
    $800 12
a godfather

Samantha
    $800 15
clown fish

Nolan
    $1200 23
(Alex: Correct, with less than a minute to go.)

"The Battle Hymn Of The Republic"

Nolan
    $1200 8
opals

Samantha
    $2,000 3
(Nolan: What is the... Snake River?)
(Alex: No, you had to go further north and west. [*].)

the Columbia River

Nolan
    $1200 13
a helping hand

Samantha
    $1200 18
buttercup

Stuart
    $1600 24
(Stuart: Who is Burnsides?)
...
(Alex: Correct response--who is [*]--no "S" on the end.)

(Ambrose) Burnside

Stuart
Triple Stumper
    $1600 9
garnet

Samantha
    $1600 27
[The end-of-round signal sounds.]

Richard Dreyfuss

Triple Stumper
    $1600 5
Nebraska

Nolan
    $1600 16
quinceaƱera

Stuart
    $1600 19
the tube anemone

Triple Stumper
    $2000 25
Sojourner Truth

Stuart
    $2000 10
(Nolan: What is an emerald?)

a blue sapphire

Nolan
Triple Stumper
    $2000 26
(Samantha: Um, who is Sonia Braga?)

William Hurt

Samantha
Triple Stumper
    $2000 4
the Yazoo River

Triple Stumper
    $2000 17
a vig (vigorish)

Nolan
    $2000 22
a hermit crab

Nolan

Scores at the end of the Double Jeopardy! Round:

Stuart Nolan Samantha
$7,600 $7,600 $9,600

[wagering suggestions for these scores]

Final Jeopardy! Round responses

CARS
(Alex: [To Stuart] The Chevy Impala is incorrect.)
...
(Alex: She had fun, fun, fun 'til her daddy took [*] away.)
StuartWhat Is Impala
$7,600
NolanWhat is Miata
$5,600
SamanthaWhat is a Corvette?
$7,601
the T-Bird

Final scores:

Stuart Nolan Samantha
$0 $2,000 $1,999
3rd place: $1,000 New champion: $2,000 2nd place: $2,000

Game dynamics:

Coryat scores:

Stuart Nolan Samantha
$7,600 $9,400 $9,400
13 R,
4 W
14 R
(including 1 DD),
4 W
(including 1 DD)
16 R
(including 1 DD),
3 W

Combined Coryat: $26,400

[game clues] [game scores] [suggest correction]

Game tape date: 2013-09-10
The J! Archive is created by fans, for fans. Scraping, republication, monetization, and malicious use prohibited; this site may use cookies and collect identifying information. See terms. The Jeopardy! game show and all elements thereof, including but not limited to copyright and trademark thereto, are the property of Jeopardy Productions, Inc. and are protected under law. This website is not affiliated with, sponsored by, or operated by Jeopardy Productions, Inc. Join the discussion at JBoard.tv.